dates historiques - Statistiques

Statistiques générales
  • Ce quiz a été pris 250 fois
  • Le résultat moyen est 16 sur 41
Statistiques - réponses
Hint Réponse % Correct
Chute de l'URSS et fin de la guerre froide 1991
92%
Chute du Mur de Berlin 1989
85%
Attentat de Sarajevo (JJ/MM/AAAA) 28/06/1914
66%
Plan Marshall 1947
65%
Traité de Maastricht 1992
61%
Crise de Cuba 1962
60%
Accord d'Evian 1962
60%
Code civil et sacre de Napoléon 1804
55%
Bataille d'Alésia -52
54%
Sacre de Charlemagne 800
54%
Abolition Pein de mort par Robert Badinter(MM/AAAA) 10/1981
52%
Attaque Pearl Harbor(JJ/MM/AAAA) 07/12/1941
50%
Chute de l'empire romain 476
49%
Affaire Dreyfus 1898
46%
Crise de Fachoda 1898
46%
Fondation de l'URSS 1922
45%
Séparation de l'Eglise et de l'Etat 1905
44%
Indépendance des Etats-Unis(JJ/MM/AAAA) 04/07/1776
42%
Loi de Nuremberg 1935
42%
Traité de Rome 1957
42%
Pasteur découvre le vaccin contre la rage 1885
35%
CECA 1951
34%
Nuits des longs Couteaux(JJ-JJ/MM/AAAA) 29-30/06/1934
32%
Commune de Paris 1871
31%
Grande famine russe 1921
31%
Appel de l'Abbé Pierre(JJ/MM/AAAA) 01/02/1954
29%
les 3 glorieuses(MM/AAAA) 07/1830
29%
Cyclone de Bhola(JJ-JJ/MM/AAAA) 12-13/11/1970
29%
Grande famine URSS 1933
29%
Edit de Nantes 1598
28%
Eruption de la montagne Pelée(JJ/MM/AAAA) 07/05/1902
27%
Printemps de Prague 1968
27%
Massacre de la Saint-Barthélémy 1572
23%
Bible premier livre imprimé par Gutenberg 1452
18%
Fondation de Rome -753
18%
Traité sur l'espace 1967
17%
Séisme à Izmit 1999
13%
Abolition du servage de l'esclavage(JJ/MM/AAAA) 03/03/1861
11%
Machine à vapeur de Watt 1769
8%
Locomotive de Stephenson 1814
8%
fête nationnal du québec (JJ/MM) 24-juin
2%
Aucun quiz correspondant
Distribution des résultats
% des personnes avec chaque résultat
Percentile par nombre de réponses
Votre historique - résultats
Vous n’avez pas pris ce quiz